Dillī kī shām. (Record no. 62719)

MARC details
000 -LEADER
fixed length control field 00620cam a22002531 4500
001 - CONTROL NUMBER
control field sa 65002610
003 - CONTROL NUMBER IDENTIFIER
control field DLC
005 - DATE AND TIME OF LATEST TRANSACTION
control field 20260227112117.0
008 - FIXED-LENGTH DATA ELEMENTS--GENERAL INFORMATION
fixed length control field 940603s1963 pk 000 1 urdo
010 ## - LIBRARY OF CONGRESS CONTROL NUMBER
LC control number sa 65002610
025 ## - OVERSEAS ACQUISITION NUMBER
Overseas acquisition number PL480:P-U-836
035 ## - SYSTEM CONTROL NUMBER
System control number (OCoLC)30542827
040 ## - CATALOGING SOURCE
Original cataloging agency DLC
Transcribing agency CU
Modifying agency CU
-- DLC
041 1# - LANGUAGE CODE
Language code of text/sound track or separate title urd
Language code of original eng
042 ## - AUTHENTICATION CODE
Authentication code premarc
050 00 - LIBRARY OF CONGRESS CALL NUMBER
Classification number PR6001.L45
Item number T96
100 1# - MAIN ENTRY--PERSONAL NAME
Personal name Ali, Ahmed,
Dates associated with a name 1910-1994.
240 10 - UNIFORM TITLE
Uniform title Twilight in Delhi.
Language of a work Urdu.
245 10 - TITLE STATEMENT
Title Dillī kī shām.
260 ## - PUBLICATION, DISTRIBUTION, ETC.
Date of publication, distribution, etc. [1963]
300 ## - PHYSICAL DESCRIPTION
Extent 604 p.
Dimensions 19 cm.
500 ## - GENERAL NOTE
General note In Urdu.
500 ## - GENERAL NOTE
General note Text partially vocalized.

No items available.

Powered by Koha